Logistik Heute

Guardado en:
Detalles Bibliográficos
Formato: Seriadas
Lenguaje:alemán
Publicado: München HUSS 1993
Materias:
Etiquetas: Agregar Etiqueta
Sin Etiquetas, Sea el primero en etiquetar este registro!

MARC

LEADER 00000nas2a2200000 4500
001 s013820
005 20240109095602.7
022 |a 0173-6213 
041 0 |a ger 
044 |a DE 
245 1 0 |a Logistik Heute 
264 1 |a München  |b HUSS  |c 1993 
300 |a 2 zv. 
773 0 |w eu_un_cat*s120171 
610 2 0 |a logistika